000 00668nam a2200205Ia 4500
999 _c28472
_d28472
003 GCL
005 20240530101903.0
008 140319s9999 xx 000 0 ara d
020 _a3365402977
040 _aGCL /
_cGCL
082 0 4 _a928.1
_bع ح
100 1 _aعبدالحميد سند الجندى
245 1 0 _aحافظ ابراهيم شاعر النيل /
_cعبدالحميد سند الجندى
250 _aالرابعة
260 _aالقاهرة :
_bدار المعارف ،
_c0
300 _a223 ص ؛
_c24 سم
490 _aمكتبة الدراسات الادبية
_v13
650 0 4 _aالادباء العرب - تراجم
942 _2ddc
_cBK